Objective agricultural economics: (Record no. 155652)

MARC details
000 -LEADER
fixed length control field 00737nam a2200229 4500
003 - CONTROL NUMBER IDENTIFIER
control field OSt
020 ## - INTERNATIONAL STANDARD BOOK NUMBER
International Standard Book Number 9789351247487
082 ## - DEWEY DECIMAL CLASSIFICATION NUMBER
Classification number 338.1
Item number NIR/OB
100 ## - MAIN ENTRY--PERSONAL NAME
Personal name Nirmal Ravi Kumar, K
245 ## - TITLE STATEMENT
Title Objective agricultural economics:
Remainder of title for JRF, SRF, ARS, NET, SET, civil Services and other competitive examinations
250 ## - EDITION STATEMENT
Edition statement 3 rev.
260 ## - PUBLICATION, DISTRIBUTION, ETC. (IMPRINT)
Place of publication, distribution, etc New Delhi
Name of publisher, distributor, etc Daya Publishing House
Date of publication, distribution, etc 2017
260 ## - PUBLICATION, DISTRIBUTION, ETC. (IMPRINT)
Place of publication, distribution, etc New Delhi
Name of publisher, distributor, etc Astral Intternational (P) Ltd.
300 ## - PHYSICAL DESCRIPTION
Extent 872p
546 ## - LANGUAGE
Language note English
650 ## - SUBJECT ADDED ENTRY--TOPICAL TERM
Topical term or geographic name as entry element Agricultural marketing
650 ## - SUBJECT ADDED ENTRY--TOPICAL TERM
Topical term or geographic name as entry element Agri-business management and international trade
650 ## - SUBJECT ADDED ENTRY--TOPICAL TERM
Topical term or geographic name as entry element Econometrics
650 ## - SUBJECT ADDED ENTRY--TOPICAL TERM
Topical term or geographic name as entry element Key agri business management
650 ## - SUBJECT ADDED ENTRY--TOPICAL TERM
Topical term or geographic name as entry element Principles of agricultural economics
942 ## - ADDED ENTRY ELEMENTS (KOHA)
Source of classification or shelving scheme Dewey Decimal Classification
Koha item type Books (General)
Holdings
Lost status Source of classification or shelving scheme Damaged status Not for loan Collection code Home library Current library Shelving location Date acquired Cost, normal purchase price Total Checkouts Full call number Barcode Date last seen Koha item type Total Renewals Date last borrowed Checked out
  Dewey Decimal Classification   Not For Loan Reference Book KAU Central Library, Thrissur KAU Central Library, Thrissur Reference 23/05/2017 595.00   338.1 NIR/OB 226429 23/05/2017 Reference Book      
  Dewey Decimal Classification     General KAU Central Library, Thrissur KAU Central Library, Thrissur General 15/06/2017 595.00 18 CE 338.1 NIR/OB 227348 27/11/2025 Books (General) 14 07/11/2025  
  Dewey Decimal Classification     General KAU Central Library, Thrissur KAU Central Library, Thrissur General 09/07/2017 595.00 17 CE 338.1 NIR/OB 226461 18/12/2025 Books (General) 4 28/11/2025  
  Dewey Decimal Classification     General KAU Central Library, Thrissur KAU Central Library, Thrissur General 04/07/2018 695.00 18 CE 338.1 NIR/OB 228520 17/04/2026 Books (General) 8 17/04/2026 06/05/2026
Kerala Agricultural University Central Library
Thrissur-(Dt.), Kerala Pin:- 680656, India
Ph : (+91)(487) 2372219
E-mail: librarian@kau.in
Website: http://library.kau.in/